[Event "Guillermo Garcia Memorial-D"]
[Site "Santa Clara"]
[Date "2024.05.21"]
[Round "9"]
[White "Rayo Tzeek, Matias"]
[Black "Roman Baso, Dorian Sadek"]
[Result "1-0"]
[WhiteElo "1478"]
[BlackElo "1828"]
[PlyCount "65"]
[EventDate "2024.05.14"]
[EventType "swiss"]
[EventRounds "9"]
[EventCountry "CUB"]
[SourceTitle "CBM 220 Extra"]
[Source "ChessBase"]
[SourceDate "2024.07.31"]
[SourceVersion "1"]
[SourceVersionDate "2024.07.31"]
[SourceQuality "1"]

1. e4 e6 2. Nf3 d5 3. Nc3 Nf6 4. e5 Nfd7 5. d4 c5 6. dxc5 Bxc5 7. Bd3 Nc6 8. Bf4 a6 9. 0-0 Qc7 10. Qe2 Nd4 11. Qd1 Nxf3+ 12. Qxf3 Bd4 13. Rfe1 Bxc3 14. bxc3 Qxc3 15. Qg3 g6 16. Rab1 Qc7 17. Rbc1 Nc5 18. Bf1 Ne4 19. Qf3 g5 20. Be3 Qxe5 21. c4 d4 22. Bxd4 Qxd4 23. Rxe4 Qb2 24. Rd1 Bd7 25. Red4 Rd8 26. Qf6 Rg8 27. Bd3 Qxa2 28. Bxh7 Rf8 29. Bf5 Qa5 30. Be4 Qc5 31. Bxb7 a5 32. Ba6 Qe7 33. Qf3 1-0

[Event "Guillermo Garcia Memorial U16 op 29th"]
[Site "Santa Clara"]
[Date "2022.05.08"]
[Round "7"]
[White "Alejandre Guardarrama, Ivette"]
[Black "Roman Baso, Dorian Sadek"]
[Result "0-1"]
[WhiteElo "1075"]
[BlackElo "1419"]
[PlyCount "52"]
[EventDate "2022.05.02"]
[EventType "swiss"]
[EventRounds "7"]
[EventCountry "CUB"]
[SourceTitle "EXT 2023"]
[Source "ChessBase"]
[SourceDate "2022.10.05"]
[SourceVersion "1"]
[SourceVersionDate "2022.10.05"]
[SourceQuality "1"]

1. d4 f5 2. e3 d6 3. Bc4 Nf6 4. Nd2 c6 5. f4 d5 6. Be2 g6 7. Ngf3 Bg7 8. Ne5 Nbd7 9. Ndf3 Ne4 10. 0-0 0-0 11. Qe1 e6 12. Nd2 Nxe5 13. fxe5 Nxd2 14. Bxd2 Qb6 15. b3 Bd7 16. Qh4 c5 17. Rf3 cxd4 18. exd4 Bxe5 19. c3 Bf6 20. Qf4 e5 21. Qg3 exd4 22. Kh1 Rfe8 23. Bd1 dxc3 24. Bxc3 Bxc3 25. Rxc3 f4 26. Qh4 Qf6 0-1

[Event "Guillermo Garcia Memorial U16 op 29th"]
[Site "Santa Clara"]
[Date "2022.05.03"]
[Round "2"]
[White "Roman Baso, Dorian Sadek"]
[Black "Aguilera Enciso, Claudia"]
[Result "0-1"]
[WhiteElo "1419"]
[BlackElo "1490"]
[PlyCount "42"]
[EventDate "2022.05.02"]
[EventType "swiss"]
[EventRounds "7"]
[EventCountry "CUB"]
[SourceTitle "EXT 2023"]
[Source "ChessBase"]
[SourceDate "2022.10.05"]
[SourceVersion "1"]
[SourceVersionDate "2022.10.05"]
[SourceQuality "1"]

1. e4 c5 2. Nf3 e6 3. d4 cxd4 4. Nxd4 Nf6 5. Nc3 Bb4 6. Bd3 Bxc3+ 7. bxc3 Nc6 8. Nb5 d5 9. Ba3 Qa5 10. exd5 Nxd5 11. Bb2 0-0 12. 0-0 a6 13. Nd4 Nxc3 14. Nxc6 Nxd1 15. Nxa5 Nxb2 16. Be4 Rd8 17. Rab1 Na4 18. Rfd1 Bd7 19. Rxb7 Bc6 20. Re1 Bxe4 21. Rc7 Bg6 0-1